000 00421nab a2200145Ia 4500
003 ES-SlBCS
005 20210601131055.0
008 140529s1956 xxu||||| |||| 00| 0 fre d
041 _afre
100 1 _aCapron, Paul
_9180319
245 0 0 _aLa bombe à hydrogène
_c Paul Capron
650 0 4 _aBomba de Hidrógeno
_9180320
773 0 _tRevue des Questions Scientifiques
_gvol. 127, 1956, págs. 5-19
_wRev1461
942 _cAR
999 _c557171
_d557171